00437nam a22001097a 4500040000800000082002600008100001600034245013800050260002600188300002600214856008700240 cRUA aAGR DY 2013 B057 Or.1 aDY, DAVOIN. aYield potential of senpidao variety, សក្ដានុពលទិន្នផលពូជស្រូវសែនពិដោរ aPhnom PenhbRUAc2013 axi; 41p.bill.c29cm. uhttps://drive.google.com/file/d/19RUsOyKz4cbE2rgGPEr-6lZhKEdJyS0I/view?usp=sharing